<?xml version="1.0" encoding="UTF-8"?>
<record
    xmlns:xsi="http://www.w3.org/2001/XMLSchema-instance"
    xsi:schemaLocation="http://www.loc.gov/MARC21/slim http://www.loc.gov/standards/marcxml/schema/MARC21slim.xsd"
    xmlns="http://www.loc.gov/MARC21/slim">

  <leader>02165nam a2200205Ia 4500</leader>
  <datafield tag="999" ind1=" " ind2=" ">
    <subfield code="c">3516</subfield>
    <subfield code="d">3516</subfield>
  </datafield>
  <controlfield tag="008">200103s      2013    ||||xx |||||||||||||| ||und||</controlfield>
  <datafield tag="020" ind1=" " ind2=" ">
    <subfield code="a">9788132110095</subfield>
  </datafield>
  <datafield tag="082" ind1=" " ind2=" ">
    <subfield code="a">343.5407</subfield>
    <subfield code="b">GAN</subfield>
  </datafield>
  <datafield tag="100" ind1=" " ind2=" ">
    <subfield code="a">Gangopadhyay, Shubhashis </subfield>
  </datafield>
  <datafield tag="245" ind1=" " ind2="0">
    <subfield code="a">Law and economics, vol. 2 : practice</subfield>
  </datafield>
  <datafield tag="260" ind1=" " ind2=" ">
    <subfield code="b">SAGE Publications</subfield>
    <subfield code="c">2013</subfield>
    <subfield code="a">New Delhi</subfield>
  </datafield>
  <datafield tag="300" ind1=" " ind2=" ">
    <subfield code="a">198p.</subfield>
  </datafield>
  <datafield tag="504" ind1=" " ind2=" ">
    <subfield code="a">Preface
 Introduction 
1. Rehabilitation of the 'Project Affected': Eminent Domain and Just Compensation
Malabika Pal
2. `Law and Economics' of Indian Patent Act
V Santhakumar
3.Two Cases of IPR Issues in India: Pharmaceutical Patents and Film Industry Copyrights
Sushma Kindo
4. Economics of Contract Law in India
Indervir Singh
5. The Economics of Contract Law: A Business Outsourcing Application
George S Geis
6. Economic Analysis of Tort Law: Some Conceptual and Interpretative Issues
Satish K Jain
7. Efficiency of Liability Rules: An Experimental Analysis in India
Sanmitra Ghosh and Rajendra P Kundu
8. Regulation in the case of a Natural Monopoly: The Electricity Act in India
V Santhakumar
9. Initial Public Offerings: Institutions in India
Padma Kadiyala
10. Legal and Judicial Process in India: A Preliminary Economic Analysis of Some Issues
V Santhakumar
Index
 </subfield>
  </datafield>
  <datafield tag="520" ind1=" " ind2=" ">
    <subfield code="a">Law and Economics is a method of analyzing laws, legal processes, and judicial decisions using the concerns and techniques of neoclassical economics. This two-volume book deals with the theory of Law and Economics and its applications in the context of India. It is written with an objective to convey the principles and use of this discipline, based on real-world examples, to lawyers and economists as well as others including policy-makers, analysts, civil-society observers, and so on, who do not have formal training in law and economics.

</subfield>
  </datafield>
  <datafield tag="650" ind1=" " ind2=" ">
    <subfield code="a">`Law and Economics' of Indian Patent Act V Santhakumar</subfield>
  </datafield>
  <datafield tag="650" ind1=" " ind2=" ">
    <subfield code="a">The Economics of Contract Law: A Business Outsourcing Application George S Geis</subfield>
  </datafield>
  <datafield tag="650" ind1=" " ind2=" ">
    <subfield code="a">Legal and Judicial Process in India: A Preliminary Economic Analysis of Some Issues V Santhakumar</subfield>
  </datafield>
  <datafield tag="700" ind1=" " ind2=" ">
    <subfield code="a">Santhakumar, V.</subfield>
    <subfield code="e">Co-author</subfield>
  </datafield>
  <datafield tag="942" ind1=" " ind2=" ">
    <subfield code="c">BK</subfield>
  </datafield>
  <datafield tag="952" ind1=" " ind2=" ">
    <subfield code="0">0</subfield>
    <subfield code="1">0</subfield>
    <subfield code="2">ddc</subfield>
    <subfield code="4">0</subfield>
    <subfield code="6">343_540700000000000_GAN</subfield>
    <subfield code="7">0</subfield>
    <subfield code="8">NFIC</subfield>
    <subfield code="9">4554</subfield>
    <subfield code="a">MU</subfield>
    <subfield code="b">MU</subfield>
    <subfield code="c">GEN</subfield>
    <subfield code="d">2020-01-08</subfield>
    <subfield code="o">343.5407 GAN</subfield>
    <subfield code="p">MPC5464</subfield>
    <subfield code="r">2025-03-17</subfield>
    <subfield code="y">BK</subfield>
    <subfield code="z">Column - 5</subfield>
  </datafield>
  <datafield tag="952" ind1=" " ind2=" ">
    <subfield code="0">0</subfield>
    <subfield code="1">0</subfield>
    <subfield code="2">ddc</subfield>
    <subfield code="4">0</subfield>
    <subfield code="6">343_540700000000000_GAN</subfield>
    <subfield code="7">0</subfield>
    <subfield code="8">NFIC</subfield>
    <subfield code="9">14114</subfield>
    <subfield code="a">MU</subfield>
    <subfield code="b">MU</subfield>
    <subfield code="c">GEN</subfield>
    <subfield code="d">2020-01-08</subfield>
    <subfield code="o">343.5407 GAN</subfield>
    <subfield code="p">MPC5465</subfield>
    <subfield code="r">2025-03-17</subfield>
    <subfield code="y">BK</subfield>
    <subfield code="z">Column - 5</subfield>
  </datafield>
  <datafield tag="952" ind1=" " ind2=" ">
    <subfield code="0">0</subfield>
    <subfield code="1">0</subfield>
    <subfield code="2">ddc</subfield>
    <subfield code="4">0</subfield>
    <subfield code="6">343_540700000000000_GAN</subfield>
    <subfield code="7">0</subfield>
    <subfield code="8">NFIC</subfield>
    <subfield code="9">14115</subfield>
    <subfield code="a">MU</subfield>
    <subfield code="b">MU</subfield>
    <subfield code="c">GEN</subfield>
    <subfield code="d">2020-01-08</subfield>
    <subfield code="o">343.5407 GAN</subfield>
    <subfield code="p">MPC5467</subfield>
    <subfield code="r">2025-03-17</subfield>
    <subfield code="y">BK</subfield>
    <subfield code="z">Column - 5</subfield>
  </datafield>
  <datafield tag="952" ind1=" " ind2=" ">
    <subfield code="0">0</subfield>
    <subfield code="1">0</subfield>
    <subfield code="2">ddc</subfield>
    <subfield code="4">0</subfield>
    <subfield code="6">343_540700000000000_GAN</subfield>
    <subfield code="7">0</subfield>
    <subfield code="8">NFIC</subfield>
    <subfield code="9">14116</subfield>
    <subfield code="a">MU</subfield>
    <subfield code="b">MU</subfield>
    <subfield code="c">GEN</subfield>
    <subfield code="d">2020-01-08</subfield>
    <subfield code="o">343.5407 GAN</subfield>
    <subfield code="p">MPC5468</subfield>
    <subfield code="r">2025-03-17</subfield>
    <subfield code="y">BK</subfield>
    <subfield code="z">Column - 5</subfield>
  </datafield>
</record>
